000 00442nam a2200157 i 4500
001 22188
003 ES-MaACL
007 t|
008 030131s1878 xxk ||||1| eng d
100 1 _aPrice, Eleanor C.
_993838
245 1 2 _aA lost battle /
_c[Eleanor C. Price].
260 _aLeipzig :
_bBernhard Tauchnitz,
_c1878.
300 _a1 vol. ;
_c16 cm.
500 _aEl encabezamiento tomado del Brit. Mus. Cat.
852 _aES-MaACL
_jG-12827
999 _c22188
_d22188